| 000 | 00611nam a22001817a 4500 | ||
|---|---|---|---|
| 005 | 20251108173633.0 | ||
| 008 | 250721s2007 xx 000 0 ara d | ||
| 082 | 1 | 4 | _a371.37/حسن |
| 100 | 1 | _aحسنين، حسين محمد | |
| 245 | 1 | 0 | _aطريقة المناقشة / |
| 264 | 1 |
_aعمان : _bدار مجدلاوي للنشر و التوزيع، _c2007. |
|
| 300 | _a190 ص. | ||
| 490 | 0 |
_aالرزمة التدريبية للمعلمين في الوطن العربي _v9 |
|
| 650 | 1 | 7 | _aالمناقشات (تدريس) |
| 650 | 1 | 7 | _aتدريب المعلمين |
| 942 |
_2ddc _cBK |
||
| 999 |
_c108706 _d108706 |
||